Environmental impact assessment : (Record no. 3326)

MARC details
000 -LEADER
fixed length control field 01231cam a2200325 a 4500
001 - CONTROL NUMBER
control field 233982
003 - CONTROL NUMBER IDENTIFIER
control field OSt
005 - DATE AND TIME OF LATEST TRANSACTION
control field 20160324151951.0
008 - FIXED-LENGTH DATA ELEMENTS--GENERAL INFORMATION
fixed length control field 980608s1998 ne a b 001 0 eng d
010 ## - LIBRARY OF CONGRESS CONTROL NUMBER
LC control number 99203969
015 ## - NATIONAL BIBLIOGRAPHY NUMBER
National bibliography number GB98-X6288
020 ## - INTERNATIONAL STANDARD BOOK NUMBER
International Standard Book Number 0412729903
020 ## - INTERNATIONAL STANDARD BOOK NUMBER
International Standard Book Number 0412730006 (pbk)
035 ## - SYSTEM CONTROL NUMBER
System control number (OCoLC)40755052
040 ## - CATALOGING SOURCE
Original cataloging agency Uk
Transcribing agency Uk
Modifying agency DLC
042 ## - AUTHENTICATION CODE
Authentication code lccopycat
050 00 - LIBRARY OF CONGRESS CALL NUMBER
Classification number TD194.6
Item number .M67 1998
082 00 - DEWEY DECIMAL CLASSIFICATION NUMBER
Classification number 333.7
Edition number 21
Item number MOR 1998
100 1# - MAIN ENTRY--PERSONAL NAME
Personal name Morgan, Richard K.
9 (RLIN) 7448
245 10 - TITLE STATEMENT
Title Environmental impact assessment :
Remainder of title a methodological perspective /
Statement of responsibility, etc. Richard K. Morgan.
260 ## - PUBLICATION, DISTRIBUTION, ETC. (IMPRINT)
Place of publication, distribution, etc. Dordrecht ;
-- Boston :
Name of publisher, distributor, etc. Kluwer Academic Publishers,
Date of publication, distribution, etc. 1998.
300 ## - PHYSICAL DESCRIPTION
Extent xii, 307 p. :
Other physical details ill. ;
Dimensions 24 cm.
504 ## - BIBLIOGRAPHY, ETC. NOTE
Bibliography, etc Includes bibliographical references (p. [288]-300) and index.
650 #0 - SUBJECT ADDED ENTRY--TOPICAL TERM
Topical term or geographic name as entry element Environmental impact analysis.
9 (RLIN) 7449
856 42 - ELECTRONIC LOCATION AND ACCESS
Materials specified Publisher description
Uniform Resource Identifier http://www.loc.gov/catdir/enhancements/fy0821/99203969-d.html
856 41 - ELECTRONIC LOCATION AND ACCESS
Materials specified Table of contents only
Uniform Resource Identifier http://www.loc.gov/catdir/enhancements/fy0821/99203969-t.html
906 ## - LOCAL DATA ELEMENT F, LDF (RLIN)
a 7
b cbc
c copycat
d 2
e ncip
f 19
g y-gencatlg
942 ## - ADDED ENTRY ELEMENTS (KOHA)
Source of classification or shelving scheme Dewey Decimal Classification
Koha item type Short Loan
Holdings
Withdrawn status Lost status Source of classification or shelving scheme Damaged status Not for loan Home library Current library Date acquired Inventory number Total Checkouts Full call number Barcode Date last seen Price effective from Koha item type Source of acquisition
    Dewey Decimal Classification     MUST Main Library MUST Main Library 24/03/2016 2002/17498   333.7 MOR 1998 2016-0529 24/03/2016 24/03/2016 Short Loan  
    Dewey Decimal Classification     MUST Main Library MUST Main Library 25/04/2016 02/17499   333.7 MOR 1998 2016-1215 25/04/2016 25/04/2016 Short Loan  
    Dewey Decimal Classification     MUST Main Library MUST Main Library 26/10/2017 2008/30914   333.7 MOR 1998 2017-0867 26/10/2017 26/10/2017 Open Shelf  
    Dewey Decimal Classification     MUST Main Library MUST Main Library 26/06/2024 2008/30913   333.7 MOR 1998 2024-21394 26/06/2024 26/06/2024 Open Shelf Purchase